| 000 | 02648nam0a2200385 4500 | ||
|---|---|---|---|
| 001 | RU\NLR\BIBL_A\012675207 | ||
| 005 | 20230421115612.0 | ||
| 010 |
_a978-5-907409-12-5 _9100 |
||
| 021 |
_aRU _bКН-П-21-057902 _9КН-П-21-4517 |
||
| 035 | _a(NLR Aleph) 012675207 | ||
| 090 |
_a12797279 _c12797279 |
||
| 100 | _a20211223d2020 u y0rusy50 ca | ||
| 101 | 0 | _arus | |
| 102 | _aRU | ||
| 105 | _aa|||z|||000zy | ||
| 181 | 0 |
_ai _baxxe |
|
| 182 | 0 | _an | |
| 200 | 1 |
_aРабота в группах комбинированной направленности с детьми с тяжелыми нарушениями речи _eучебно-методическое пособие _eпо направлениям: "Дошкольная дефектология", "Специальная психология", "Логопедия" _fВ. С. Васильева, Л. М. Исрафилова, И. Ю. Федорова _gМинистерство просвещения РФ, Федеральное государственное бюджетное образовательное учреждение высшего профессионального образования "Южно-Уральский государственный гуманитарно-педагогический университет" |
|
| 203 |
_aТекст _bвизуальный _cнепосредственный |
||
| 210 |
_aЧелябинск _cИзд-во ЮУГГПУ _d2020 |
||
| 215 |
_a94 с. _cтабл. _d21 |
||
| 300 | _aАвт. указаны на обороте тит. с. | ||
| 320 | _aБиблиогр.: с. 90-93 и в конце гл. | ||
| 606 | 1 |
_aДети с тяжелыми нарушениями речи _jУчебно-методические пособия _xВоспитание и обучение _xДошкольные учреждения _92506273 _3RU\NLR\AUTH\6601701325 |
|
| 686 | 1 | _aЧ437.41я7 | |
| 700 | 1 |
_7ca _8rus _aВасильева _bВ. С. _cканд. пед. наук _gВиктория Сергеевна _9155733 _3RU\NLR\AUTH\770155772 |
|
| 701 | 1 |
_aИсрафилова _bЛ. М. _gЛилия Маснавиевна |
|
| 701 | 1 |
_7ca _8rus _aФедорова _bИ. Ю. _cлогопед _gИрина Юрьевна _9255224 _3RU\NLR\AUTH\770255280 |
|
| 712 | 0 | 2 |
_4475 _aЮжно-Уральский государственный гуманитарно-педагогический университет _cЧелябинск _9536214 _3RU\NLR\AUTH\880435945 |
| 942 | _cBOOK | ||
| 980 | _aNBR | ||
| 980 | _aNB | ||